000 00959nam a2200265Ia 4500
003 OSt
005 20221005111129.0
006 a|||||r|||| 00| 0
007 ta
008 221004b |||||||| |||| 00| 0 hin d
020 _a9789350725573 (hbk)
_c395
024 _a17748
037 _b518, 21/03/2015, Vani Prakashan
_cTextual
040 _aCRL
_cCRL
_bhin
041 _2hin
_ahin
082 _aO152,6N41x, Q3
100 _aपाण्डेय, मैनेजर
245 0 _aआलोचना में सहमति - असहमति
246 _aĀlochanā mean sahamati - asahamati
260 _aनई दिल्ली
_bवाणी प्रकाशन भारत
_c2013
300 _a207पृ0
_ccm.
650 _aहिन्दी साहित्य
942 _hO152,6N41x, Q3
_cTEXL
_2cc
999 _c1020905
_d1020905